[Event "GER-chT School WK GS"]
[Site "Playchess.com INT"]
[Date "2020.06.11"]
[Round "2.4"]
[White "Noennig, Lotte"]
[Black "Plath, Erik"]
[Result "0-1"]
[WhiteElo "1371"]
[BlackElo "1497"]
[PlyCount "94"]
[EventDate "2020.06.11"]
[EventType "team-swiss (blitz)"]
[EventRounds "7"]
[EventCountry "GER"]
[SourceTitle "EXT 2021"]
[Source "ChessBase"]
[SourceDate "2020.10.23"]
[SourceVersion "1"]
[SourceVersionDate "2020.10.23"]
[SourceQuality "1"]
[WhiteTeam "Hopfengarten Sah"]
[BlackTeam "HB an der Gete"]
[WhiteTeamCountry "GER"]
[BlackTeamCountry "GER"]

1. e4 c5 2. Nf3 Nc6 3. Bc4 d6 4. 0-0 Bg4 5. h3 Bh5 6. g4 Bg6 7. Nc3 Nf6 8. g5 Nxe4 9. Nxe4 Bxe4 10. Nh4 e5 11. d3 Bg6 12. Nxg6 hxg6 13. Qf3 Qd7 14. Bxf7+ Qxf7 15. Qe3 Qe6 16. c4 Qxh3 17. Qxh3 Rxh3 18. Kg2 Rxd3 19. b3 Nd4 20. Be3 Nc2 21. Rad1 Nxe3+ 22. fxe3 Rxd1 23. Rxd1 Be7 24. e4 Kd7 25. Rh1 Rf8 26. Kg1 Bxg5 27. Rh7 Rf7 28. Rh3 Rf4 29. Re3 Rg4+ 30. Rg3 Rxg3+ 31. Kh2 Rc3 32. b4 Rc2+ 33. Kg3 Rxc4 34. a3 cxb4 35. axb4 Rxe4 36. b5 b6 37. Kf3 Rb4 38. Ke2 Rxb5 39. Kd3 a5 40. Kc3 a4 41. Kc2 a3 42. Kd1 a2 43. Kc2 a1Q 44. Kd3 Qa4 45. Ke2 Rb3 46. Kd1 Qa2 47. Ke1 Rb1# 0-1